Civilizations by Historical Leader II Quiz Stats

 Plays Quiz Updated Jul 15, 2016

Challenge
Share
Tweet
Embed
Score 0/20 Timer 05:00
0 Plays Today
Leader Country % Correct
Augustus (Octavian)Roman Empire
96.7%
Louis XVIKingdom of France
96.3%
Cleopatra VIIPtolemaic Kingdom of Egypt
95.8%
Hideki TōjōEmpire of Japan
95.3%
George VIUnited Kingdom
95%
Hồ Chí MinhDemocratic Republic of Vietnam
94.4%
Peter I (the Great)Russian Empire
90.5%
Zhu Di (Yongle Emperor)Ming Dynasty
83.8%
Suleiman I (the Magnificent)Ottoman Empire
77.3%
Ferdinand VIIKingdom of Spain
67.8%
Leader Country % Correct
Augusto PinochetChile
67.2%
Porfirio DíazMexico
65.5%
Darius I (the Great)Persian Empire
60.5%
Jomo KenyattaKenya
58.6%
Sitting BullConfederated Lakota Tribes
56.6%
Sir John A. MacDonaldCanada
53.4%
Frederick II (the Great)Kingdom of Prussia
52.2%
Christian IVKingdoms of Denmark & Norway
49.5%
Pedro II (the Magnanimous)Empire of Brazil
40.6%
Bahadur Shah IIMughal Empire
39.9%

You're not logged in!

Compare scores with friends on all Sporcle quizzes.
Join for Free
OR
Log In

You Might Also Like...

Show Comments

Extras

Top Quizzes Today


Score Distribution

Your Account Isn't Verified!

In order to create a playlist on Sporcle, you need to verify the email address you used during registration. Go to your Sporcle Settings to finish the process.

Report this User

Report this user for behavior that violates our Community Guidelines.

Details: